| 000 -ლიდერი |
| ფიქსირებული სიგრძის საკონტროლო ველი |
01247nam a2200265Ia 4500 |
| 001 - საკონტროლო ნომერი |
| საკონტროლო ველი |
14618 |
| 003 - საკონტროლო ნომრის იდენტიფიკატორი |
| საკონტროლო ველი |
GE_BSU |
| 005 - ბოლო ოპერაციის თარიღი და დრო |
| საკონტროლო ველი |
20220705122540.0 |
| 008 - ფიქსირებული სიგრძის მონაცემთა ელემენტები - ზოგადი ინფორმაცია |
| ფიქსირებული სიგრძის საკონტროლო ველი |
181216sge 1975xx |||||||||||||| ||geo|| |
| 040 ## - კატალოგიზაციის წყარო |
| Transcribing agency |
GE_BSU |
| 041 ## - ენის კოდი |
| Language code of text/sound track or separate title |
geo |
| 080 ## - უნივერსალური ათობითი კლასიფიკაციის ინდექსი |
| Universal Decimal Classification number |
821.353.1-1+821.353.1-11 ვ-27 |
| 100 ## - მთავარი ჩანაწერი - პიროვნების სახელი |
| Personal name |
ვახტანგ, მეექვსე |
| 9 (RLIN) |
14293 |
| 245 ## - ცნობა სათაურის შესახებ |
| Title |
ლექსები და პოემები : |
| Remainder of title |
[დაბადებიდან 300 წლისთავი] / |
| Statement of responsibility, etc |
ვახტანგ მეექვსე, რედ. ალ.ბარამიძე, მხატვ.ა.დუმბაძე. |
| 260 ## - გამოქვეყნების, გავრცელების, და სხვა. ცნობები |
| Place of publication, distribution, etc |
თბილისი |
| 260 ## - გამოქვეყნების, გავრცელების, და სხვა. ცნობები |
| Name of publisher, distributor, etc |
მეცნიერება |
| 264 ## - წარმოების, გამოცემის, დისტრიბუციის და სხვა ცნობები |
| გამოცემის, წარმოების, დისტრიბუციის... ადგილი |
თბილისი : |
| გამოცემის, წარმოების, დისტრიბუციის... სახელწოდება |
მეცნიერება, |
| გამოცემის, წარმოების, დისტრიბუციის... თარიღი |
1975. |
| 300 ## - ფიზიკური აღწერა |
| Extent |
194 გვ.: |
| Dimensions |
26 სმ. |
| 501 ## - შენიშვნა თანმხლებ მასალაზე |
| With note |
შენიშვნები, ლექსიკონი გვ.176. საძიებელიგვ.192 |
| 653 ## - INDEX TERM--UNCONTROLLED |
| Uncontrolled term |
ლექსები და პოემები |
| 653 ## - INDEX TERM--UNCONTROLLED |
| Uncontrolled term |
ვახტანგ მეექვსე |
| 700 ## - ADDED ENTRY--PERSONAL NAME |
| Personal name |
ბარამიძე, ალ |
| Relator term |
რედაქტორი |
| 9 (RLIN) |
4433 |
| 700 ## - ADDED ENTRY--PERSONAL NAME |
| Personal name |
დუმბაძე, ა |
| Relator term |
მხატვარი |
| 9 (RLIN) |
8080 |
| 942 ## - ADDED ENTRY ELEMENTS (KOHA) |
| Koha item type |
წიგნი |
| Source of classification or shelving scheme |
|